000 04342cam a22012374i 4500
003 PE-LiUPU
005 20250813185432.0
008 190813s2011 ag a rb 000 0 spa d
020 _a9501242838
020 _a9789501242836
035 _a(Sirsi) a252465
040 _aPE-LiUPU
_bspa
_cPE-LiUPU
_erda
049 _aPRUA
082 0 4 _a371.94
_bA8
_220
245 0 0 _aAutismo :
_bdel diagnóstico al tratamiento /
_ccompilado por Daniel Valdez, Víctor Ruggieri.
264 1 _aBuenos Aires :
_bPaidós,
_c2011.
300 _a439 páginas :
_bilustraciones ;
_c22 centímetros.
336 _atext
_2rdacontent
337 _aunmediated
_2rdamedia
338 _avolume
_2rdacarrier
490 0 _aBiblioteca de psicología profunda ;
_v283
504 _aBibliografía al final de cada capítulo.
505 0 _aIntroducción -- Autismo y trastornos del espectro autista. Definición, génesis del trastorno y explicaciones psicológicas -- Instrumentos de evaluación y diagnóstico en los trastornos del desarrollo -- Identificación y evolución diagnóstica de los trastornos del espectro autista -- La consulta neuropediátrica. Entidades neurológicas, comorbilidades mentales en los trastornos del espectro autista y tratamiento farmacológico -- Bases neurobiológicas de los trastornos del espectro autista .Correlato neuropsicológico e importancia de la intervención temprana -- Bases genéticas del autismo y otros trastornos generalizados del desarrollo - Autismo y lenguaje oral -- Técnicas y juegos de estimulación de la comunicación y el lenguaje en contextos clínicos y educativos -- Ayudas para construir significados compartidos. Uso de materiales visuales en la intervención psicoeducativa en niños con trastornos del espectro autista -- Habla signada para niños no verbales con autismo -- Teoría de la mente, inteligencia emocional y espectro autista -- Autismo y cognición social: ¿hacia una explicación del enigma veinte años después? -- Memoria autobiografía en personas con trastornos del espectro autista -- Funciones ejecutivas y espectro autista: flexibilidad y conductas repetitivas -- Conductas desafiantes en personas con trastornos del espectro autista -- Apoyo y formación a las familias de niños con trastornos del espectro autista. Aportes del programa hanen para padres.
526 _aP202
526 _aP201
526 _aP163
526 _aP162
526 _aP161
526 _aP160
526 _aP148
526 _aP147
526 _aP146
526 _aP145
526 _aP144
526 _aP143
526 _aP142
526 _aP141
526 _aP140
526 _aP139
526 _aP138
526 _aP137
526 _aP136
526 _aP135
526 _aP134
526 _aP133
526 _aP129
526 _aP128
526 _aP127
526 _aP120
526 _aP119
526 _aP118
526 _aP116
526 _aP115
526 _aP114
526 _aP110
526 _aP109
526 _aP108
526 _aP104
526 _aP103
526 _aP102
526 _aP99
526 _aP98
526 _aP97
526 _aP96
526 _aP95
526 _aP93
526 _aP90
526 _aP89
526 _aP88
526 _aP83
526 _aP82
526 _aP62
526 _aP59
526 _aP58
526 _aP57
526 _aP51
526 _aP49
526 _aP48
526 _aP47
526 _aP29
526 _aP24
526 _aP20
526 _aP19
526 _aP17
526 _aP15
526 _aP14
526 _aP12
526 _aP10
526 _aP09
526 _aP08
526 _aP07
526 _aP06
526 _aP05
526 _aP04
526 _aP01
541 _gF002-00001570;
650 1 4 _aAutismo.
650 2 4 _aNiños autistas
_xEducación.
700 1 _aValdéz, Daniel,
_ecompilador.
700 _aRuggieri, Víctor,
_ecompilador.
910 _abgr
_bjpc
_cjpc
_d20190813
942 _2ddc
_cBOOK
994 _aC0
_bPEPRU
596 _a1
999 _a371.94 A8
_wDEWEY
_c31691
_i80444
_d31691
_f2021-11-8
_g3
_lCCODEBUL1
_mBUL
_q1
_r0
_sY
_tBOOK
_u2019-8-13
_xEDUCACION
_PP33
_0COMPRA
_1FCOMPR3
980 _81
_gALBERTO SANCHEZ Responsable de Automatización